000 00557nam a22001937a 4500
003 KOHA_MİRAKIL
005 20250421164606.0
008 250421b tu ||||| |||| 00| 0 tur d
020 _a9786057762269
040 _aTR-AnABB
_btur
_cTR-AnABB
041 _atur
082 _a894.54533
_bKIV 2019
100 1 _aKivirahk, Andrus,
245 1 0 _aÇataldili konuşan son insan /
_cAndrus Kivirähk
260 _aİstanbul :
_bİthaki Yayınları,
_c2019
300 _a395 sayfa ;
_c19 cm
650 0 4 _aEstonya edebiyatı, roman
942 _2ddc
_cBK
999 _c8809
_d8809
900 _bGizem YORULMAZ